Statistics for 50 Missing Countries from the World map

Click here to take the quiz!

General Stats

  • This quiz has been taken 70,264 times
  • The average score is 31 of 50

Answers on the Map

Answers color-coded by a green-red scale on the quiz's map according to % correct below.
 

Answer Stats

Country% Correct
United States
98%
Canada
97%
Mexico
95%
Brazil
94%
Russia
94%
Argentina
91%
France
90%
China
87%
Egypt
87%
Germany
86%
Algeria
85%
Bolivia
85%
Colombia
84%
Kazakhstan
84%
Libya
84%
Ukraine
84%
Mongolia
83%
Paraguay
83%
Peru
83%
Sudan
82%
Chad
81%
Panama
81%
Poland
81%
Venezuela
81%
Mali
80%
Niger
79%
Spain
79%
Sweden
79%
United Kingdom
78%
Chile
77%
DR Congo
77%
Italy
77%
Nigeria
77%
India
76%
Belarus
75%
Mauritania
75%
Nicaragua
75%
Turkey
75%
South Africa
74%
Czech Republic
73%
Finland
73%
Saudi Arabia
73%
Ecuador
72%
Norway
72%
Pakistan
72%
Australia
71%
Austria
71%
Ethiopia
71%
Iran
71%
South Sudan
71%
Switzerland
71%
Afghanistan
70%
Angola
70%
Botswana
70%
Costa Rica
70%
Guatemala
70%
Namibia
70%
Morocco
69%
Indonesia
68%
Senegal
68%
Central African Republic
67%
Honduras
67%
Kenya
67%
Benin
66%
Cameroon
66%
Ghana
66%
Hungary
66%
Republic of the Congo
66%
Tanzania
66%
Uruguay
66%
Zambia
66%
Zimbabwe
66%
Guyana
65%
Romania
65%
Slovakia
64%
Burkina Faso
63%
Nepal
63%
Portugal
63%
Iraq
62%
Ivory Coast
62%
Mozambique
62%
Japan
61%
Togo
61%
Denmark
59%
Suriname
59%
Uganda
59%
Uzbekistan
59%
Yemen
59%
Guinea
58%
Ireland
58%
Bulgaria
57%
Belgium
56%
Croatia
56%
Gabon
56%
Lithuania
56%
Serbia
56%
Tunisia
56%
Turkmenistan
56%
Bosnia and Herzegovina
55%
Cuba
55%
Dominican Republic
55%
Greece
55%
Kyrgyzstan
55%
Myanmar
55%
Lesotho
54%
Laos
53%
Thailand
53%
Tajikistan
52%
Eritrea
51%
Moldova
51%
New Zealand
51%
Oman
51%
North Korea
50%
Somalia
50%
Haiti
49%
Bangladesh
48%
Liberia
48%
Malawi
48%
Sierra Leone
48%
Bahamas
47%
Iceland
47%
Latvia
47%
Slovenia
47%
South Korea
47%
Belize
46%
Jordan
46%
Madagascar
46%
North Macedonia
46%
El Salvador
45%
Estonia
45%
Kosovo
45%
Vietnam
45%
Jamaica
43%
Netherlands
43%
Rwanda
43%
Albania
42%
Eswatini
42%
Guinea-Bissau
42%
Papua New Guinea
42%
Philippines
42%
Syria
42%
Azerbaijan
40%
Cambodia
40%
Malaysia
40%
Seychelles
40%
Sri Lanka
40%
Armenia
39%
Burundi
39%
FS Micronesia
39%
Georgia
38%
Kiribati
38%
Sao Tome and Principe
38%
Comoros
37%
Mauritius
37%
Taiwan
37%
Cape Verde
34%
Fiji
34%
United Arab Emirates
34%
Equatorial Guinea
33%
Marshall Islands
33%
Palau
33%
Maldives
32%
Nauru
32%
Solomon Islands
32%
Tonga
32%
Tuvalu
32%
Kuwait
30%
Samoa
30%
Vanuatu
30%
Malta
27%
Israel
26%

Score Distribution

Percentile by Number Answered

Percent of People with Each Score

Your Score History

You have not taken this quiz